000
00264nam a2200085Ia 4500
245
0
_a
Field guide to wild flowers of South Africa, Lesotho and Swaziland
100
_a
MANNING, John Cape Town, 2009
942
_c
BK
008
210817s9999 xx 000 0 und d
999
_c
267100
_d
267099